Модата (Запис номер 95107)
[ съкратено ]
| 000 -Лидер | |
|---|---|
| Контролно поле с фиксирана дължина | 01637nam a2200385 c 4500 |
| 003 - Код на организацията, давaща контролен номер | |
| Контролно поле | BLK |
| 005 - Дата и час на последна редакция | |
| Контролно поле | 20230814120026.0 |
| 008 - Елементи от данни с фиксирана дължина | |
| fixed length control field | 180408b bul|||||r ||||||| ||bul|| |
| 010 ## - Наследен системен номер | |
| LC control number | KNG00099958000 |
| 020 ## - Международен стандартен номер на книга ISBN | |
| Международен стандартен номер на книга ISBN | 978-954-26-0819-6 |
| -- | издат.: Хермес |
| 040 ## - Източник на каталожния запис | |
| Идентификатор на билиотеката - собственик на записа | BLK |
| 041 ## - Код за език | |
| Код за езика на текст/звукозапис или на отделно заглавие | Български |
| Код за езика КДБФ | Български |
| 072 #7 - Код за тематичната категория | |
| Код организация | bullib |
| Код за тематична категория | Н39 |
| Текст | Етнология. Фолклористика Н |
| 072 #7 - Код за тематичната категория | |
| Код организация | bullib |
| Код за тематична категория | Н70 |
| Текст | Изкуства Н |
| 080 ## - УДК | |
| Текстов определител УДК | Облекло. Носия. Мода. Накит. Вж и 613.4 ; 646 ; 687 |
| УДК код - определител по УДК | 391 |
| УДК определител | (035) |
| УДК - код + определител | 391(035) |
| 100 1# - Редна дума - Автор | |
| Автор | Йонас, Силвия |
| Авторска отговорност | първи автор |
| R(LIN) | 306256 |
| 139 ## - Редно поле | |
| Редна дума | Йонас, Силвия |
| Авторски знак | Иовч - И 79 |
| 245 10 - Сведения за заглавието | |
| Заглавие | Модата |
| Подзаглавни данни | Марки, дизайнери, стилове |
| Редно поле (дума) | Силвия Йонас; прев. Валентина Борисова Рашева-Джейвънс. |
| 257 ## - Страна на издаване | |
| Страна на създаване/издаване | Нидерландия (Холандия) |
| 260 ## - Област на издателските данни | |
| -- | Пловдив |
| Име на издателя, разпространителя и проч. | Хермес |
| Година на издаване | 2010 |
| Печатница | Отпеч. в Китай |
| 300 ## - Физическа характеристика | |
| Страници | 296 с. |
| Илюстрации и др. | с цв. ил. |
| Размери/Мащаб | 18 см |
| 380 ## - Жанр | |
| Жанр | Обществени науки |
| 500 ## - Общи забележки | |
| Забележка | Ориг. загл. Lexicon of Fashion / Sylvia Jonas. - Авт. не e отбелязан на кор. ; Прев. известна като Валентина Борисова Рашева. |
| 650 #4 - Допълнително описание по предмет – тема | |
| Основно описание – тема или топоним | Мода |
| 9 (RLIN) | 162556 |
| 653 ## - Ключова дума – ненормативна | |
| Ключова дума | мода |
| 653 ## - Ключова дума – ненормативна | |
| Ключова дума | справочници |
| 659 ## - Тематичен бюлетин | |
| Тематичен бюлетин | Н |
| 700 1# - Други автори (авторска отговорност) | |
| Лично име | Рашева-Джейвънс, Валентина Борисова |
| Автороска отговорност (Описва отношението между автора и произведението) | прев. |
| 9 (RLIN) | 374068 |
| 852 ## - Местоположение | |
| Форматна сигнатура | Цб І 34022 |
| 856 4# - Електронен адрес и достъп | |
| Електронен формат | pdf - файл |
| Път до файла /url/ | |
| 856 4# - Електронен адрес и достъп | |
| Електронен формат | pdf - файл |
| Път до файла /url/ | |
| 942 ## - АРТИКУЛИ | |
| Вид на библиотечния материал | Книги |
| Скрит в OPAC | Не |
| Koha issues (borrowed), all copies | 4 |
| 944 ## - СЪЗДАВАНЕ И РЕДАКЦИЯ на ЗАПИСА | |
| Създаване/Редакция | Създаване |
| Дата на регистрацията/редакция | 25.02.2011 |
| Статус, дата на статуса | Русанова Ирена |
| Служител, извършил регистрацията/редакцията | 30542 |
| 944 ## - СЪЗДАВАНЕ И РЕДАКЦИЯ на ЗАПИСА | |
| Създаване/Редакция | Редакция |
| Дата на регистрацията/редакция | 08.01.2013 |
| Статус, дата на статуса | ф / |
| Служител, извършил регистрацията/редакцията | |
| 999 ## - СИСТЕМНИ КОНТРОЛНИ НОМЕРА | |
| Koha biblionumber | 95107 |
| Koha biblioitemnumber | 95107 |
| Код за отписване | Код за изгубен артикул | Код за повреда | Коз за рестрикции | Код за отдаване | Артикулен № | Име на библиотеката - собственик | Име на библиотеката, в която се намира в момента | Статус (Текущо местоположение) | Дата на вписване в системата | Местоположение - отдел | Цена в лева | Инвентарен номер | Систематично азбучна сигнатура | Баркод | Номер на екземпляра | Цена в евро | Служебна бележка | Служебен тип на артикула | Източник на класификационната схема |
|---|---|---|---|---|---|---|---|---|---|---|---|---|---|---|---|---|---|---|---|
| Не е изгубен | Не е повреден | без рестрикции | ползва се в читалня | 152751 | Регионална библиотека "Любен Каравелов" Русе | Регионална библиотека "Любен Каравелов" Русе | Хранилище | 2011-02-24 | Хранилище | 19.99 | 120000749481 | Цб І 34022 | 120000749481 | 1 | 10.22 | Дост: Dp Вид: Д N: 24 Дата: 16.06.2010 | Книги | ||
| Не е изгубен | Не е повреден | без рестрикции | заемане за дома | 152752 | Регионална библиотека "Любен Каравелов" Русе | Регионална библиотека "Любен Каравелов" Русе | Заемна - подръчен фонд | 2012-11-21 | Заемна - подръчен фонд | 9.99 | 120000761225 | П 39/И 79 | 120000761225 | 2 | 5.11 | Дост: Pk Вид: Ф N: 820000048 Дата: 09.11.2012 Дата инв: 15.03.2017 Бележки инв: Ч2017 | Книги | Universal Decimal Classification |